Grecia antigua (Registro nro. 304248)

Detalles MARC
000 -ENCABEZADO
Número de control [NR] 00901nam a2200265 a 4500
001 - NÚMERO DE CONTROL
control field ocn432975049
005 - FECHA Y HORA DE LA ÚLTIMA TRANSACCIÓN
control field 20170608110829.0
008 - DE LONGITUD FIJA DE DATOS DE ELEMENTOS - INFORMACIÓN GENERAL
Elementos de longitud fija [NR] 1 s2005 sp ao gr 001 0 spa d
020 ## - NUMERO INTERNACIONAL NORMALIZADO PARA LIBROS [R]
Número Internacional Normalizado del libro [NR] 8441321124
020 ## - NUMERO INTERNACIONAL NORMALIZADO PARA LIBROS [R]
Número Internacional Normalizado del libro [NR] 9788441321120
035 ## - NUMERO DE CONTROL DEL SISTEMA [R]
Número de control del sistema [NR] (OCoLC)432975049
040 ## - FUENTE DE CATALOGACION [NR]
Agencia de catalogación original [NR] Co-BoUCM
Idioma de catalogación [NR] spa
Quien Cataloga Edgar Pinilla
Quien Clasifica Edgar Pinilla
041 ## - CODIGO DE IDIOMA [R]
Código de idioma para texto/pista de sonido o título separado [R] Español
100 1# - ASIENTO PRINCIPAL--NOMBRE PERSONAL [NR]
Nombre personal [NR] Durando, Furio
ID Autoridad 79477
245 10 - MENCION DE TITULO [NR]
Título [NR] Grecia antigua
Mención de responsabilidad, etc. [NR] [textos, Furio Durando]
260 ## - PUBLICACION, DISTRIBUCION, ETC. (PIE DE IMPRENTA) [R]
Lugar de publicación, distribución, etc. [R] Barcelona (España)
Nombre del editor, distribuidor, etc. [R] Folio
Fecha de publicación, distribución, etc. [R] 2005
300 ## - DESCRIPCION FISICA [R]
Extensión [R] 288 páginas
Otros detalles físicos [NR] ilustraciones, fotos
490 0# - MENCION DE SERIE [R]
Mención de serie [R] Grandes civilizaciones del pasado
504 ## - NOTA DE BIBLIOGRAFIA, ETC. [R]
Nota de bibliografía, etc. [NR] Incluye referencias bibliográficas e índices
650 04 - ASIENTO SECUNDARIO DE MATERIA - TERMINO TEMATICO [R]
Término temático o nombre geográfico como elemento de entrada [NR] Arte griego
Subdivisión general [R] Historia
9 (RLIN) 79478
650 04 - ASIENTO SECUNDARIO DE MATERIA - TERMINO TEMATICO [R]
Término temático o nombre geográfico como elemento de entrada [NR] Civilización griega
Subdivisión general [R] Historia
9 (RLIN) 62128
651 #4 - ASIENTO SECUNDARIO DE MATERIA - NOMBRE GEOGRAFICO [R]
Nombre geográfico [NR] Grecia
Subdivisión general [R] Restos arqueológicos
9 (RLIN) 79479
942 ## - ELEMENTOS DE ENTRADA AGREGADOS (KOHA)
Sistema de clasificación DEWEY
Tipo de ítem principal el descrito en 300a Libro
Tema principal Arte
Edición 1
Clasificación 709.38 D949
Parte restante de la signatura top. D949
Existencias
Fecha de último préstamo Total préstamos Signatura topográfica Código de barras Última vez visto Ejemplar Costo de reposición Price effective from Tipo de ítem Nota pública (OPAC) Perdido Sistema de clasificación Dañado No prestable Tipo de ítem específico Suprimido Ubicación habitual Ubicación actual Localización Fecha de creación Proveedor Forma de adquisición Costo
16/02/2022 1 709.38 D949 100150323 04/12/2025 Ej.1 26000.00 19/08/2016 Libro Galería de donantes   DEWEY     Libro   Claustro Claustro 3er piso 19/08/2016 12 Donación 0.00